Loading...
Sahitya Darpana
| Format: | Printed Book |
|---|---|
| Subjects: |
| LEADER | 00324nam a22001097a 4500 | ||
|---|---|---|---|
| 082 | |a C# |b SAH/S | ||
| 245 | |a Sahitya Darpana | ||
| 300 | |a 160p. | ||
| 650 | |a English |9 264839 | ||
| 942 | |c BK | ||
| 999 | |c 73183 |d 73183 | ||
| 952 | |0 0 |1 0 |4 0 |6 C__SAH_S |7 0 |8 Eng |9 86335 |a MAL |b MAL |d 2017-01-17 |e GV000056 |l 0 |o C# SAH/S |p MALGV000056 |r 2017-01-17 |t 1 |w 2017-01-17 |y BK | ||